Financiamiento público de la educación superior en México : (Record no. 208864)
[ view plain ]
| 000 -CABECERA | |
|---|---|
| campo de control de longitud fija | 00958nam a2200241 a 4500 |
| 003 - IDENTIFICADOR DEL NÚMERO DE CONTROL | |
| campo de control | MX-MxUPN |
| 005 - FECHA Y HORA DE LA ÚLTIMA TRANSACCIÓN | |
| campo de control | 20240203063637.0 |
| 008 - ELEMENTOS DE LONGITUD FIJA--INFORMACIÓN GENERAL | |
| campo de control de longitud fija | 220922t2011 mx a||||rb||| 000 0 spa d |
| 020 ## - NÚMERO INTERNACIONAL NORMALIZADO PARA LIBROS | |
| Número Internacional Estándar del Libro | 9786070226090 |
| 040 ## - FUENTE DE LA CATALOGACIÓN | |
| Centro catalogador/agencia de origen | MX-MxUPN |
| Lengua de catalogación | spa |
| Centro/agencia transcriptor | MX-MxUPN |
| 041 0# - CÓDIGO DE IDIOMA | |
| Código de lengua del texto/banda sonora o título independiente | spa |
| 050 14 - SIGNATURA TOPOGRÁFICA DE LA BIBLIOTECA DEL CONGRESO | |
| Número de clasificación | LB2342.2 M4 |
| Número de documento/Ítem | M46 2011 |
| 100 1# - ASIENTO PRINCIPAL--NOMBRE PERSONAL | |
| Nombre de persona | Mendoza Rojas, Javier |
| 9 (RLIN) | 29304 |
| 245 10 - MENCIÓN DE TÍTULO | |
| Título | Financiamiento público de la educación superior en México : |
| Resto del título | fuentes de información y cifras del periodo 2000 a 2011 |
| 250 ## - MENCIÓN DE EDICIÓN | |
| Mención de edición | Primera edición. |
| 260 ## - PUBLICACIÓN, DISTRIBUCIÓN, ETC. | |
| Lugar de publicación, distribución, etc. | México, D.F. : |
| Nombre del editor, distribuidor, etc. | Universidad Nacional Autónoma de México, Dirección General de Evaluación Institucional, |
| Fecha de publicación, distribución, etc. | ©2011. |
| 300 ## - DESCRIPCIÓN FÍSICA | |
| Extensión | 96 páginas : |
| Otras características físicas | ilustraciones. |
| 490 0# - MENCIÓN DE SERIE | |
| Mención de serie | Cuadernos de trabajo de la Dirección General de Evaluación Institucional ; |
| Designación de volumen o secuencia | 6 |
| 504 ## - NOTA DE BIBLIOGRAFÍA, ETC. | |
| Nota de bibliografía, etc. | Incluye referencias bibliográficas. |
| 650 #4 - ASIENTO SECUNDARIO DE MATERIA - TERMINO TEMATICO | |
| Término de materia o nombre geográfico como elemento de entrada | Educación superior |
| Subdivisión geográfica | México |
| Subdivisión general | Finanzas |
| 9 (RLIN) | 18500 |
| 902 ## - ELEMENTOS DE DATOS B LOCAL, LDB (RLIN) | |
| Creó | Víctor Ruiz/220922 |
| 942 ## - ELEMENTOS DE PUNTO DE ACCESO ADICIONAL (KOHA) | |
| Fuente del sistema de clasificación o colocación | Library of Congress Classification |
| Tipo de ítem Koha | Libro |
| Estado de retiro | Estado de pérdida | Fuente del sistema de clasificación o colocación | Estado dañado | No para préstamo | Código de colección | Localización permanente | Ubicación/localización actual | Ubicación en estantería | Fecha de adquisición | Total de préstamos | Clasificación | Código de barras | Fecha visto por última vez | Precio válido a partir de | Tipo de ítem Koha |
|---|---|---|---|---|---|---|---|---|---|---|---|---|---|---|---|
| Library of Congress Classification | Colección General | Bib. Gregorio Torres Quintero | Bib. Gregorio Torres Quintero | Planta baja | 22/09/2022 | LB2342.2 M4 M46 2011 | 335892 | 22/09/2022 | 22/09/2022 | Libro |
